[Event "Asian-ch Seniors 50 zt 3.4"]
[Site "Chess.com INT"]
[Date "2020.07.16"]
[Round "4.3"]
[White "Rinas, Oleg G"]
[Black "Isaev, Jamshed"]
[Result "1-0"]
[WhiteElo "2379"]
[BlackElo "2271"]
[PlyCount "101"]
[EventDate "2020.07.16"]
[EventType "swiss"]
[EventRounds "7"]
[EventCountry "UZB"]
[SourceTitle "EXT 2024"]
[Source "ChessBase"]
[SourceDate "2023.10.10"]
[SourceVersion "1"]
[SourceVersionDate "2023.10.10"]
[SourceQuality "1"]

1. e4 e5 2. Nf3 Nc6 3. Bb5 a6 4. Ba4 Nf6 5. 0-0 b5 6. Bb3 Bc5 7. d3 d6 8. c3 0-0 9. a4 Rb8 10. axb5 axb5 11. h3 h6 12. Qe2 Re8 13. Be3 Be6 14. Bxe6 Rxe6 15. b4 Bxe3 16. Qxe3 d5 17. Na3 d4 18. cxd4 exd4 19. Qd2 Qe7 20. Rab1 Nd7 21. Rfc1 f5 22. exf5 Re2 23. Qf4 Nxb4 24. Rxc7 Nxd3 25. Qxd4 Nxf2 26. Qxd7 Nxh3+ 27. Kh2 Qxd7 28. Rxd7 Nf4 29. Nh4 b4 30. Nc4 b3 31. Rb2 Re4 32. Nd2 Reb4 33. Ng6 Nxg6 34. fxg6 R4b6 35. Rxb3 Kf8 36. Rf7+ Kg8 37. Rff3 Rxb3 38. Rxb3 Rd8 39. Nf3 Kf8 40. Rb7 Rd6 41. Nh4 Rd4 42. g3 Rd2+ 43. Kh3 Rf2 44. Rb8+ Ke7 45. Rg8 Rf8 46. Rxg7+ Kf6 47. Rf7+ Rxf7 48. gxf7 Kxf7 49. Kg4 Kf6 50. Kh5 Kg7 51. Nf5+ 1-0

[Event "Titled Tuesday intern op 9th June"]
[Site "Chess.com INT"]
[Date "2020.06.09"]
[Round "2"]
[White "Rinas, Oleg G"]
[Black "Dong, Bao Nghia"]
[Result "0-1"]
[WhiteElo "2408"]
[BlackElo "2227"]
[PlyCount "86"]
[EventDate "2020.06.09"]
[EventType "swiss (blitz)"]
[EventRounds "10"]
[EventCountry "USA"]
[SourceTitle "CBM 196 Extra"]
[Source "ChessBase"]
[SourceDate "2020.07.31"]
[SourceVersion "1"]
[SourceVersionDate "2020.07.31"]
[SourceQuality "1"]

1. e4 e6 2. d4 d5 3. Nc3 dxe4 4. Nxe4 Bd7 5. Nf3 Bc6 6. Bd3 Nd7 7. Bg5 Be7 8. Bxe7 Qxe7 9. Qe2 Ngf6 10. 0-0-0 0-0-0 11. Kb1 Nxe4 12. Bxe4 Bxe4 13. Qxe4 Nf6 14. Qe2 Rd6 15. Ne5 Rhd8 16. c3 Nd7 17. Nxd7 Qxd7 18. Qe5 f6 19. Qe4 e5 20. Qxh7 exd4 21. cxd4 Rxd4 22. Rxd4 Qxd4 23. Qf5+ Kb8 24. Rc1 b6 25. g3 Rd5 26. Qf3 Rb5 27. Qc3 Qe4+ 28. Qc2 Qe5 29. h4 Rc5 30. Qd2 Qf5+ 31. Rc2 Rd5 32. Qe2 Qd7 33. a3 Rd1+ 34. Rc1 Rd2 35. Qe3 Qf5+ 36. Ka2 Rxf2 37. Qe8+ Qc8 38. Qf7 f5 39. Qxg7 Qe6+ 40. Ka1 Qd6 41. Qg8+ Kb7 42. h5 Qd2 43. Rb1 Rh2 0-1

[Event "Titled Tuesday intern op 9th June"]
[Site "Chess.com INT"]
[Date "2020.06.09"]
[Round "5"]
[White "Rinas, Oleg G"]
[Black "Turzo, Attila"]
[Result "1-0"]
[WhiteElo "2408"]
[BlackElo "2303"]
[PlyCount "113"]
[EventDate "2020.06.09"]
[EventType "swiss (blitz)"]
[EventRounds "10"]
[EventCountry "USA"]
[SourceTitle "CBM 196 Extra"]
[Source "ChessBase"]
[SourceDate "2020.07.31"]
[SourceVersion "1"]
[SourceVersionDate "2020.07.31"]
[SourceQuality "1"]

1. e4 c5 2. Nf3 d6 3. d4 cxd4 4. Nxd4 Nf6 5. Nc3 a6 6. Bg5 e6 7. f4 Be7 8. Qf3 Qc7 9. 0-0-0 Nbd7 10. g4 b5 11. Bxf6 Nxf6 12. g5 Nd7 13. f5 Bxg5+ 14. Kb1 Ne5 15. fxe6 fxe6 16. Qh5+ Nf7 17. Bh3 g6 18. Qf3 Ne5 19. Qg2 Qe7 20. Nxe6 Bxe6 21. Bxe6 Qxe6 22. Qxg5 0-0 23. h4 Nf3 24. Qg2 b4 25. Nd5 Qxe4 26. h5 g5 27. h6 Rf5 28. Rhe1 Qxe1 29. Rxe1 Nxe1 30. Ne7+ Kf7 31. Qxa8 Kxe7 32. Qe4+ Re5 33. Qxh7+ Kf6 34. Qg7+ Kf5 35. h7 Nf3 36. Qxe5+ Nxe5 37. h8Q g4 38. Qf8+ Ke4 39. Qxd6 g3 40. Qxb4+ Kf3 41. Qe1 Ng4 42. c4 g2 43. c5 Ne3 44. Qg1 Nd5 45. c6 a5 46. b3 Nc3+ 47. Kc2 Ne2 48. Qxg2+ Kxg2 49. c7 Nd4+ 50. Kd3 Nb5 51. c8Q Nd6 52. Qc6+ Kf2 53. Qxd6 a4 54. Qf6+ Kg3 55. Ke3 axb3 56. Qg6+ Kh2 57. Kf2 1-0

[Event "Wch Seniors 50 29th"]
[Site "Bucharest"]
[Date "2019.11.19"]
[Round "7"]
[White "Rinas, Oleg G"]
[Black "Pavlovic, Milos"]
[Result "1/2-1/2"]
[WhiteElo "2420"]
[BlackElo "2482"]
[PlyCount "136"]
[EventDate "2019.11.12"]
[EventType "swiss"]
[EventRounds "11"]
[EventCountry "ROU"]
[SourceTitle "CBM 193 Extra"]
[Source "ChessBase"]
[SourceDate "2020.01.31"]
[SourceVersion "1"]
[SourceVersionDate "2020.01.31"]
[SourceQuality "1"]

1. e4 c5 2. Nf3 d6 3. d4 cxd4 4. Nxd4 Nf6 5. Nc3 a6 6. Bg5 e6 7. f4 Qc7 8. Qf3 b5 9. a3 Nbd7 10. 0-0-0 Bb7 11. Bd3 Be7 12. g4 Nc5 13. Bxf6 gxf6 14. h4 0-0-0 15. Rh3 Kb8 16. Qe2 d5 17. e5 fxe5 18. fxe5 Nd7 19. Re1 Qb6 20. Nb3 Rc8 21. Na2 h6 22. Rf1 Rhf8 23. Rhf3 Bxh4 24. Rxf7 Rxf7 25. Rxf7 Rc7 26. Kb1 Ka7 27. Nc3 Bc6 28. Rh7 Bg5 29. Qe1 Bb7 30. Na5 Be3 31. Nxb7 Rxb7 32. Nd1 Bf4 33. Qf1 Bg5 34. Qe2 Qd4 35. Nc3 Nxe5 36. Rxb7+ Kxb7 37. Bh7 Kc7 38. Bg8 Kd6 39. a4 Bd2 40. axb5 Bxc3 41. bxc3 Qg1+ 42. Ka2 axb5 43. Qxb5 Qxg4 44. Qb8+ Ke7 45. Qxe5 Qxg8 46. c4 Qc8 47. cxd5 Qxc2+ 48. Ka3 Qd3+ 49. Kb2 Qd2+ 50. Kb1 Qxd5 51. Qg7+ Kd6 52. Qxh6 Qe4+ 53. Kc1 Kd5 54. Kd2 e5 55. Qg7 Qf4+ 56. Ke2 Qh2+ 57. Ke3 Qh3+ 58. Ke2 Ke4 59. Qb7+ Kf4 60. Qf7+ Qf5 61. Qxf5+ Kxf5 62. Ke3 e4 63. Ke2 Kf4 64. Kf2 e3+ 65. Ke2 Ke4 66. Ke1 Kf3 67. Kf1 e2+ 68. Ke1 Ke3 1/2-1/2

[Event "Wch Seniors 50 29th"]
[Site "Bucharest"]
[Date "2019.11.15"]
[Round "4"]
[White "Farrell, Neil"]
[Black "Rinas, Oleg G"]
[Result "0-1"]
[WhiteElo "2171"]
[BlackElo "2420"]
[PlyCount "134"]
[EventDate "2019.11.12"]
[EventType "swiss"]
[EventRounds "11"]
[EventCountry "ROU"]
[SourceTitle "CBM 193 Extra"]
[Source "ChessBase"]
[SourceDate "2020.01.31"]
[SourceVersion "1"]
[SourceVersionDate "2020.01.31"]
[SourceQuality "1"]

1. d4 d5 2. c4 e6 3. Nf3 f5 4. g3 Nf6 5. Bg2 c6 6. 0-0 Bd6 7. b3 0-0 8. Ba3 Bxa3 9. Nxa3 Bd7 10. Nc2 Be8 11. Nce1 Bh5 12. e3 Nbd7 13. Nd3 Ne4 14. Qc2 Bxf3 15. Bxf3 Rf6 16. Bg2 Qe7 17. Rae1 Raf8 18. f3 Nd6 19. c5 Nb5 20. Ne5 Nxe5 21. dxe5 R6f7 22. f4 g5 23. a4 Nc7 24. b4 a6 25. Qc3 g4 26. Kf2 h5 27. Rh1 h4 28. Rd1 Rh7 29. Rhg1 Kf7 30. Rh1 Rfh8 31. Qc1 Rh6 32. a5 R8h7 33. Qa1 Ke8 34. Qc1 Rh5 35. Qa1 R7h6 36. Qc1 Qh7 37. Qa1 Kd8 38. Qc1 Kc8 39. Qa1 Kb8 40. Qc1 Nb5 41. Qa1 hxg3+ 42. hxg3 Nc3 43. Rxh5 Nxd1+ 44. Qxd1 Rxh5 45. Qa1 Qg6 46. Qd1 Rh8 47. Ke2 Qh7 48. Qg1 Kc7 49. Kf2 Rd8 50. Ke2 Kc8 51. Kd3 Rh8 52. Qf2 Qh2 53. Ke2 Rd8 54. Kd3 Rd7 55. Ke2 Kd8 56. Kd3 Ke8 57. Ke2 Kf7 58. Kd3 Kg6 59. Ke2 Rd8 60. Kd3 Rh8 61. Ke2 Rh7 62. Kf1 Rh3 63. Bxh3 Qxf2+ 64. Kxf2 gxh3 65. g4 fxg4 66. Kg3 Kf5 67. Kh2 d4 0-1

[Event "Wch Seniors 50 29th"]
[Site "Bucharest"]
[Date "2019.11.13"]
[Round "2"]
[White "Chan, Peng Kong"]
[Black "Rinas, Oleg G"]
[Result "1/2-1/2"]
[WhiteElo "2123"]
[BlackElo "2420"]
[PlyCount "90"]
[EventDate "2019.11.12"]
[EventType "swiss"]
[EventRounds "11"]
[EventCountry "ROU"]
[SourceTitle "CBM 193 Extra"]
[Source "ChessBase"]
[SourceDate "2020.01.31"]
[SourceVersion "1"]
[SourceVersionDate "2020.01.31"]
[SourceQuality "1"]

1. c4 e5 2. g3 Nc6 3. Nc3 g6 4. Bg2 Bg7 5. e4 d6 6. Nge2 Nge7 7. d3 0-0 8. 0-0 Be6 9. Nd5 Qd7 10. Be3 Nd4 11. Bxd4 exd4 12. Nef4 c6 13. Nxe6 fxe6 14. Nxe7+ Qxe7 15. Qg4 e5 16. f4 Bh6 17. Rf3 Rf7 18. Raf1 Raf8 19. fxe5 dxe5 20. Bh3 Be3+ 21. Kg2 Rxf3 22. Rxf3 Rxf3 23. Qxf3 Kg7 24. Bc8 h5 25. h4 a5 26. b3 b6 27. Kh2 Qa3 28. Be6 Qe7 29. Bc8 Qe8 30. Bh3 b5 31. cxb5 cxb5 32. Qd1 Qc6 33. a4 b4 34. Bg2 Kf8 35. Bh3 Ke7 36. Bg2 Qc8 37. Bh3 Qc3 38. Bg2 Qb2 39. Kh3 Qf2 40. Kh2 Qb2 41. Kh3 Qc3 42. Kh2 Bd2 43. Bf1 Be1 44. Bg2 Bf2 45. Bf3 Qe1 1/2-1/2

[Event "Asia-ch Seniors 9th"]
[Site "Tagaytay City"]
[Date "2018.11.07"]
[Round "5"]
[White "Davis, Tony J"]
[Black "Rinas, Oleg G"]
[Result "0-1"]
[WhiteElo "1900"]
[BlackElo "2429"]
[PlyCount "87"]
[EventDate "2018.11.04"]
[EventType "swiss"]
[EventRounds "9"]
[EventCountry "PHI"]
[SourceTitle "EXT 2021"]
[Source "ChessBase"]
[SourceDate "2020.10.23"]
[SourceVersion "1"]
[SourceVersionDate "2020.10.23"]
[SourceQuality "1"]

1. d4 Nf6 2. Bg5 e6 3. e4 d6 4. Bd3 Nbd7 5. Nf3 e5 6. c3 Be7 7. Nbd2 c6 8. a4 Qc7 9. 0-0 0-0 10. Nh4 g6 11. Kh1 Kg7 12. h3 h6 13. Be3 Nh7 14. Ndf3 Ndf6 15. Qd2 Ng8 16. g4 Qd8 17. Ng2 Bf6 18. a5 g5 19. b4 Ne7 20. b5 Ng6 21. a6 cxb5 22. axb7 Bxb7 23. dxe5 Nxe5 24. Nxe5 Bxe5 25. Rxa7 Rxa7 26. Bxa7 d5 27. Bxb5 Qa5 28. Bd4 Qxb5 29. Ne3 dxe4 30. c4 Qe8 31. Nf5+ Kg6 32. Qb4 Bxd4 33. Qxb7 Bf6 34. Rd1 Qa8 35. Qb1 Rd8 36. Nd6 Be5 37. c5 Nf6 38. Qb3 Bxd6 39. Rxd6 Rxd6 40. cxd6 Qc6 41. Qb8 e3+ 42. Kg1 Qc1+ 43. Kg2 e2 44. Qb1+ 0-1

[Event "Astana 65 Victory Day"]
[Site "Astana"]
[Date "2010.04.20"]
[Round "12"]
[White "Rinas, Oleg G"]
[Black "Khusnutdinov, Rustam"]
[Result "1/2-1/2"]
[WhiteElo "2405"]
[BlackElo "2527"]
[PlyCount "45"]
[EventDate "2010.03.26"]
[EventType "tourn"]
[EventRounds "14"]
[EventCountry "KAZ"]
[EventCategory "3"]
[SourceTitle "EXT 2012"]
[Source "ChessBase"]
[SourceDate "2011.11.24"]
[SourceVersion "1"]
[SourceVersionDate "2011.11.24"]
[SourceQuality "1"]

1. d4 Nf6 2. Nf3 e6 3. g3 b5 4. Bg2 Bb7 5. 0-0 c5 6. Na3 a6 7. c4 b4 8. Nc2 cxd4 9. Ncxd4 Be7 10. a3 bxa3 11. b3 d5 12. Ng5 Qd7 13. Bxa3 Bxa3 14. Rxa3 0-0 15. Ra4 dxc4 16. Bxb7 Qxb7 17. Rxc4 Nbd7 18. Qc2 Rfc8 19. Rc1 Rxc4 20. Qxc4 Qd5 21. Qxd5 Nxd5 22. e4 N5f6 23. Rc7 1/2-1/2